000 00909nam a2200241 i 4500
001 13814
003 ES-MaACL
005 20250513130333.0
007 t|
008 980708s1915 sp |||| | spa d
080 _a821.131.1-14"18"
100 1 _aCarducci, Giosuè (
_d1835-1907)
_935212
245 1 0 _aNuevas rimas
_b; y Odas bárbaras : poesías de Giosué Carducci MDCCCL-MCM, I /
_ctraducción en verso castellano y prólogo por H. Giner de los Ríos.
246 3 0 _aOdas bárbaras
260 _aBarcelona :
_bF. Granada y Cª,
_c1915.
300 _aXXIII, 214 p. ;
_c22 cm.
530 _aDisponible en formato digital.
700 1 _aGiner de los Ríos, Hermenegildo.
_957125
852 _aES-MaACL
_jL-21106
_cDEPO2
_zRevisado enlace: 13 de mayo de 2025
856 4 _uhttp://bdh-rd.bne.es/viewer.vm?id=0000206839&page=1
_yBiblioteca Digital Hispánica
942 _2udc
999 _c13814
_d13814